书目信息 |
| 题名: |
宾语
|
|
| 作者: | 郭晓麟 主编 ;鹿荣 著 | |
| 分册: | ||
| 出版信息: | 北京 北京语言文化大学出版社 2023.11 |
|
| 页数: | 235页 | |
| 开本: | 22cm | |
| 丛书名: | ||
| 单 册: | ||
| 中图分类: | H195.3 | |
| 科图分类: | ||
| 主题词: | 汉语--语言教学 | |
| 电子资源: | ||
| ISBN: | 7-5619-6410-2 | |
| 000 | 00613nam0 2200205 450 | |
| 001 | 2552189890 | |
| 005 | 20251217143227.40 | |
| 010 | @a7-5619-6410-2@dCNY80.00 | |
| 100 | @a20251217d2023 km y0chiy0120 ea | |
| 101 | 0 | @achi |
| 102 | @aCN@b110000 | |
| 200 | 1 | @a宾语@ABin Yu@f郭晓麟主编;鹿荣著@FGuo Xiao Lin Zhu Bian;Lu Rong Zhu |
| 210 | @a北京@c北京语言文化大学出版社@d2023.11 | |
| 215 | @a235页@d22cm | |
| 606 | 0 | @a汉语@x语言教学 |
| 690 | @aH195.3@v4 | |
| 701 | 0 | @a郭晓麟@AGuo Xiao Lin@4主编 |
| 702 | 0 | @a鹿荣@ALu Rong@4著 |
| 801 | 0 | @aCN@b大连网信软件有限公司图书馆·11@c20251217 |
| 905 | @aZUCC@dH195.3@e588 | |
| 宾语/郭晓麟主编;鹿荣著.-北京:北京语言文化大学出版社,2023.11 |
| 235页;22cm |
| ISBN 7-5619-6410-2:CNY80.00 |
| ● |
| 相关链接 |
|
|
|
|
正题名:宾语
索取号:H195.3/588
 
预约/预借
| 序号 | 登录号 | 条形码 | 馆藏地/架位号 | 状态 | 备注 |
| 1 | 1442043 | 214420438 | 第二样本阅览室/ [索取号:H195.3/588] |
已借出,限还日期为2035.12.17 借出人:刘巍 |